[Event "4. Moscu Open 2008"]
[Site "Moscu RUS"]
[Date "2008.02.07"]
[Round "6.56"]
[White "Kosyrev, Vladimir"]
[Black "Onoprijchuk, Boris"]
[Result "1-0"]
[WhiteElo "2509"]
[BlackElo "2390"]
[PlyCount "71"]
[EventDate "2008.02.02"]
[EventType "swiss"]
[EventRounds "9"]
[EventCountry "RUS"]
[Source "lmi"]
[SourceDate "2008.02.02"]

1. d4 Nf6 2. c4 e6 3. Nf3 b6 4. g3 Ba6 5. Qb3 c5 6. d5 exd5 7. cxd5 c4 8. Qe3+
Qe7 9. Nc3 Qxe3 10. Bxe3 Bb4 11. Bd4 d6 12. Bxf6 gxf6 13. O-O-O Nd7 14. Nd4 h5
15. Nf5 O-O-O 16. Ne4 Kc7 17. Bg2 Rhe8 18. Nd4 Bc5 19. Bf3 Rh8 20. Nc6 Ra8 21.
Kb1 b5 22. Nxc5 Nxc5 23. Rd4 Bb7 24. Rh4 Bxc6 25. dxc6 Rae8 26. Rd1 Re5 27. Rd5
Ne6 28. g4 Nf4 29. Rxe5 fxe5 30. e3 Nd3 31. Rxh5 Rf8 32. Rh7 Nxf2 33. g5 e4 34.
g6 Kxc6 35. g7 Rg8 36. Bh5 1-0

[Event "4. Moscu Open 2008"]
[Site "Moscu RUS"]
[Date "2008.02.07"]
[Round "6.57"]
[White "Tjurin, Alexander P"]
[Black "Khruschiov, Alexey"]
[Result "0-1"]
[WhiteElo "2337"]
[BlackElo "2504"]
[PlyCount "94"]
[EventDate "2008.02.02"]
[EventType "swiss"]
[EventRounds "9"]
[EventCountry "RUS"]
[Source "lmi"]
[SourceDate "2008.02.02"]

1. e4 e5 2. Nf3 Nc6 3. Bc4 Nf6 4. d3 Be7 5. c3 O-O 6. Bb3 d5 7. Nbd2 Be6 8. Qe2
Re8 9. O-O Bf8 10. Re1 h6 11. Ba4 Nd7 12. Nf1 f6 13. Ng3 Nc5 14. Bc2 Bf7 15.
Nh4 g6 16. Qg4 Ne7 17. Be3 d4 18. cxd4 exd4 19. Bd2 Kh7 20. f4 a5 21. f5 g5 22.
Nf3 Nc6 23. h4 Ne5 24. Nxe5 Rxe5 25. hxg5 fxg5 26. Kf2 Nd7 27. Rh1 Kg8 28. Qd1
Rb5 29. Bc1 Ne5 30. Nf1 Ra6 31. Nh2 Rc5 32. Nf3 Qd6 33. Ne1 Kg7 34. Bd2 Qb6 35.
b3 Rc6 36. a3 Rc5 37. b4 axb4 38. axb4 Rxa1 39. Qxa1 Rb5 40. Qb1 Qd6 41. Bb3
Ng4+ 42. Kf3 Rxb4 43. Kxg4 Rxb3 44. Qc1 Be7 45. Qa1 c5 46. Qa8 Rb2 47. Nf3 Rxd2
0-1

[Event "4. Moscu Open 2008"]
[Site "Moscu RUS"]
[Date "2008.02.07"]
[Round "6.58"]
[White "Davydov, Sergey P"]
[Black "Bagirov, Rufat"]
[Result "0-1"]
[WhiteElo "2335"]
[BlackElo "2495"]
[PlyCount "62"]
[EventDate "2008.02.02"]
[EventType "swiss"]
[EventRounds "9"]
[EventCountry "RUS"]
[Source "lmi"]
[SourceDate "2008.02.02"]

1. Nf3 Nf6 2. c4 e6 3. Nc3 d5 4. cxd5 exd5 5. d4 Bb4 6. Bg5 Nbd7 7. e3 c5 8.
Bxf6 Nxf6 9. Bb5+ Bd7 10. Bxd7+ Qxd7 11. Ne5 Qb5 12. a4 Qa5 13. O-O cxd4 14.
Qxd4 O-O 15. Rfc1 Rac8 16. Ne2 Rxc1+ 17. Nxc1 Bd6 18. Nb3 Qa6 19. Ng4 Nxg4 20.
Qxg4 Be5 21. Rd1 Qb6 22. Nd4 Qxb2 23. g3 Qb4 24. Qd7 Bf6 25. Qxd5 Qxa4 26. Rc1
b6 27. Rc7 Bxd4 28. exd4 a5 29. Qd6 b5 30. Rb7 h6 31. Qe5 b4 0-1

[Event "4. Moscu Open 2008"]
[Site "Moscu RUS"]
[Date "2008.02.07"]
[Round "6.59"]
[White "Voitsekhovsky, Stanislav"]
[Black "Kargin, Arseny"]
[Result "1/2-1/2"]
[WhiteElo "2493"]
[BlackElo "2386"]
[PlyCount "51"]
[EventDate "2008.02.02"]
[EventType "swiss"]
[EventRounds "9"]
[EventCountry "RUS"]
[Source "lmi"]
[SourceDate "2008.02.02"]

1. e4 c5 2. c3 d5 3. exd5 Qxd5 4. d4 Nc6 5. Nf3 Bg4 6. Be2 cxd4 7. cxd4 e6 8.
Nc3 Qa5 9. h3 Bh5 10. d5 exd5 11. Nd4 Bxe2 12. Qxe2+ Be7 13. Nxc6 bxc6 14. O-O
Kf8 15. Bd2 Qc7 16. Rac1 Qd7 17. Qa6 Nf6 18. Rfd1 h6 19. Be3 Kg8 20. Na4 Rc8
21. b3 Rc7 22. Bf4 Rc8 23. Be5 Ne4 24. Rxd5 Qxd5 25. Qxc8+ Kh7 26. Qf5+ 1/2-1/2

[Event "4. Moscu Open 2008"]
[Site "Moscu RUS"]
[Date "2008.02.07"]
[Round "6.60"]
[White "Demchenko, Anton"]
[Black "Ahmed, Sk. Nasir"]
[Result "1-0"]
[WhiteElo "2491"]
[BlackElo "2379"]
[PlyCount "56"]
[EventDate "2008.02.02"]
[EventType "swiss"]
[EventRounds "9"]
[EventCountry "RUS"]
[Source "lmi"]
[SourceDate "2008.02.02"]

1. e4 Nf6 2. e5 Nd5 3. d4 d6 4. Nf3 Bg4 5. h3 Bh5 6. Be2 e6 7. c4 Nb6 8. exd6
cxd6 9. Nbd2 Be7 10. b3 O-O 11. Bb2 Nc6 12. O-O d5 13. c5 Nc8 14. a3 Bf6 15. b4
a6 16. Re1 Re8 17. Ra2 N8e7 18. g4 Bg6 19. g5 Bxd4 20. Nxd4 Nxd4 21. Bxd4 Nc6
22. Be3 d4 23. Bf4 e5 24. Bg3 f5 25. h4 Qe7 26. Nc4 Rad8 27. Nd6 Rxd6 28. cxd6
Qxd6 1-0

[Event "4. Moscu Open 2008"]
[Site "Moscu RUS"]
[Date "2008.02.07"]
[Round "6.61"]
[White "Sharafiev, Azat"]
[Black "Friedel, Joshua E"]
[Result "1-0"]
[WhiteElo "2332"]
[BlackElo "2487"]
[PlyCount "29"]
[EventDate "2008.02.02"]
[EventType "swiss"]
[EventRounds "9"]
[EventCountry "RUS"]
[Source "lmi"]
[SourceDate "2008.02.02"]

1. e4 e5 2. Nf3 Nc6 3. Bb5 Nf6 4. O-O Nxe4 5. d4 Nd6 6. Bxc6 dxc6 7. dxe5 Nf5
8. Qxd8+ Kxd8 9. Nc3 h6 10. b3 a6 11. Ne2 Bc5 12. Nf4 Ke7 13. Nd3 Bd4 14. Ba3+
Ke8 15. Rad1 1-0

[Event "4. Moscu Open 2008"]
[Site "Moscu RUS"]
[Date "2008.02.07"]
[Round "6.62"]
[White "Ulko, Jaroslav"]
[Black "Ipatov, Alexander"]
[Result "1-0"]
[WhiteElo "2482"]
[BlackElo "2323"]
[PlyCount "65"]
[EventDate "2008.02.02"]
[EventType "swiss"]
[EventRounds "9"]
[EventCountry "RUS"]
[Source "lmi"]
[SourceDate "2008.02.02"]

1. d4 d5 2. c4 c6 3. Nf3 Nf6 4. e3 Bf5 5. cxd5 Nxd5 6. Nc3 e6 7. Be2 Nd7 8. O-O
Be7 9. Ne1 Nxc3 10. bxc3 e5 11. f3 exd4 12. cxd4 O-O 13. e4 Be6 14. Be3 f5 15.
Nd3 Nf6 16. Nf4 Bf7 17. Qc2 g5 18. Nd3 fxe4 19. fxe4 Bg6 20. Nc5 Bxc5 21. Qxc5
Bxe4 22. Qxg5+ Bg6 23. Bc4+ Nd5 24. Rxf8+ Qxf8 25. Rf1 Qd8 26. Qg3 b5 27. Bb3
a5 28. Bh6 a4 29. Qe5 Qd7 30. Bxd5+ cxd5 31. Qf6 Qf7 32. Qd6 Bf5 33. Qe5 1-0

[Event "4. Moscu Open 2008"]
[Site "Moscu RUS"]
[Date "2008.02.07"]
[Round "6.63"]
[White "Ajrapetian, Gevorg"]
[Black "Danin, Alexandre"]
[Result "1-0"]
[WhiteElo "2298"]
[BlackElo "2480"]
[PlyCount "45"]
[EventDate "2008.02.02"]
[EventType "swiss"]
[EventRounds "9"]
[EventCountry "RUS"]
[Source "lmi"]
[SourceDate "2008.02.02"]

1. e4 c5 2. Nf3 d6 3. d4 cxd4 4. Nxd4 Nf6 5. Nc3 a6 6. Be3 e5 7. Nf3 Be7 8. Bc4
O-O 9. O-O Be6 10. Bb3 Nc6 11. Bg5 Nd7 12. Bxe7 Qxe7 13. Qe2 Nd4 14. Nxd4 exd4
15. Nd5 Bxd5 16. Bxd5 Nf6 17. Rfe1 Rfe8 18. Bb3 Qe5 19. Rad1 d5 20. Qd3 dxe4
21. Qxd4 Qf5 22. h3 Re7 23. Qb6 1-0

[Event "4. Moscu Open 2008"]
[Site "Moscu RUS"]
[Date "2008.02.07"]
[Round "6.64"]
[White "Gabrielian, Artur"]
[Black "Purygin, Andrei"]
[Result "1-0"]
[WhiteElo "2479"]
[BlackElo "2196"]
[PlyCount "28"]
[EventDate "2008.02.02"]
[EventType "swiss"]
[EventRounds "9"]
[EventCountry "RUS"]
[Source "lmi"]
[SourceDate "2008.02.02"]

1. e4 e5 2. f4 Nf6 3. Nf3 Nxe4 4. d3 Nc5 5. fxe5 d5 6. d4 Ne4 7. Bd3 Bf5 8. O-O
c5 9. Nc3 Nc6 10. Qe1 Be7 11. Nxe4 dxe4 12. Bxe4 Nxd4 13. Bxf5 Nxf5 14. Qe4 Qd7
1-0

[Event "4. Moscu Open 2008"]
[Site "Moscu RUS"]
[Date "2008.02.07"]
[Round "6.66"]
[White "Reshetnikov, Alexey"]
[Black "Amonatov, Farrukh"]
[Result "1/2-1/2"]
[WhiteElo "2388"]
[BlackElo "2649"]
[PlyCount "42"]
[EventDate "2008.02.02"]
[EventType "swiss"]
[EventRounds "9"]
[EventCountry "RUS"]
[Source "lmi"]
[SourceDate "2008.02.02"]

1. e4 c5 2. Nc3 d6 3. Nf3 a6 4. d4 cxd4 5. Nxd4 Nf6 6. Be2 e5 7. Nb3 Be7 8. O-O
O-O 9. Be3 Be6 10. Nd5 Nbd7 11. Qd3 Bxd5 12. exd5 Nc5 13. Qd2 Nfe4 14. Qb4 b6
15. f3 Nf6 16. Rfd1 Nh5 17. a4 Bg5 18. Bf2 a5 19. Qe1 Nf4 20. Bb5 f5 21. Nxc5
bxc5 1/2-1/2

[Event "4. Moscu Open 2008"]
[Site "Moscu RUS"]
[Date "2008.02.07"]
[Round "6.67"]
[White "Predein, Vladimir"]
[Black "Minasian, Artashes"]
[Result "0-1"]
[WhiteElo "2382"]
[BlackElo "2578"]
[PlyCount "58"]
[EventDate "2008.02.02"]
[EventType "swiss"]
[EventRounds "9"]
[EventCountry "RUS"]
[Source "lmi"]
[SourceDate "2008.02.02"]

1. d4 Nf6 2. Nf3 c5 3. d5 g6 4. Nc3 Bg7 5. e4 d6 6. Bb5+ Nfd7 7. a4 O-O 8. O-O
Na6 9. Re1 Nc7 10. Bc4 a6 11. Bf4 Nb6 12. Be2 Bg4 13. a5 Nd7 14. Nd2 Bxe2 15.
Qxe2 b5 16. axb6 Nxb6 17. Be3 Qd7 18. Nd1 f5 19. f3 a5 20. c3 e6 21. dxe6 Qxe6
22. exf5 gxf5 23. Bf4 Qg6 24. Nf2 Ncd5 25. Nh3 Nxf4 26. Nxf4 Qh6 27. Qd1 Kh8
28. Nf1 Be5 29. Nd3 Bf6 0-1

[Event "4. Moscu Open 2008"]
[Site "Moscu RUS"]
[Date "2008.02.07"]
[Round "6.68"]
[White "Hossain, Enamul"]
[Black "Soltanici, Ruslan"]
[Result "1/2-1/2"]
[WhiteElo "2522"]
[BlackElo "2379"]
[PlyCount "47"]
[EventDate "2008.02.02"]
[EventType "swiss"]
[EventRounds "9"]
[EventCountry "RUS"]
[Source "lmi"]
[SourceDate "2008.02.02"]

1. e4 c5 2. Nf3 Nc6 3. d4 cxd4 4. Nxd4 Nf6 5. Nc3 e5 6. Ndb5 d6 7. Bg5 a6 8.
Na3 b5 9. Bxf6 gxf6 10. Nd5 f5 11. g3 fxe4 12. Bg2 Bg7 13. Bxe4 Ra7 14. Qh5 Ne7
15. c3 Be6 16. Rd1 Nxd5 17. Bxd5 O-O 18. O-O Qc8 19. Rd2 Bf5 20. Nc2 Kh8 21.
Bg2 Qe6 22. Qd1 Qxa2 23. Nb4 Qc4 24. Rxd6 1/2-1/2

[Event "4. Moscu Open 2008"]
[Site "Moscu RUS"]
[Date "2008.02.07"]
[Round "6.69"]
[White "Kalugin, Sergey V"]
[Black "Dzhakaev, Dzhakay"]
[Result "1-0"]
[WhiteElo "2377"]
[BlackElo "2510"]
[PlyCount "117"]
[EventDate "2008.02.02"]
[EventType "swiss"]
[EventRounds "9"]
[EventCountry "RUS"]
[Source "lmi"]
[SourceDate "2008.02.02"]

1. e4 c5 2. Nf3 Nc6 3. Bb5 g6 4. Bxc6 dxc6 5. d3 Bg7 6. h3 Nf6 7. Nc3 Nd7 8.
Be3 e5 9. Qd2 h6 10. a3 Qe7 11. O-O Nf8 12. b4 Ne6 13. Na4 b6 14. Nh2 f5 15. f3
f4 16. Bf2 h5 17. bxc5 b5 18. Nb2 g5 19. a4 Nd4 20. axb5 cxb5 21. Nd1 O-O 22.
Rb1 a6 23. c3 Ne6 24. Qa2 Rd8 25. Nb2 Kh7 26. Rfd1 Bb7 27. Rd2 Rac8 28. Qa3 Qf8
29. c4 Nd4 30. Na4 Rc7 31. cxb5 axb5 32. Nc3 Rxc5 33. Bxd4 Rxd4 34. Ne2 Ra4 35.
Qb3 Qe7 36. Nc3 Ra6 37. Qb4 Bc6 38. Nf1 g4 39. hxg4 hxg4 40. fxg4 Qa7 41. Rf2
Ra3 42. Rb3 Ra1 43. Rbb2 Bf6 44. Ra2 Rxa2 45. Rxa2 Qe7 46. Nd2 Bb7 47. Ra7 Rc7
48. Qxb5 Kg6 49. Nf3 Rxc3 50. Rxb7 Rc1+ 51. Kh2 Qd8 52. Rb8 Qe7 53. Qe8+ Qxe8
54. Rxe8 Rd1 55. Nxe5+ Bxe5 56. Rxe5 Rxd3 57. Rf5 Re3 58. Rxf4 Kg5 59. g3 1-0

[Event "4. Moscu Open 2008"]
[Site "Moscu RUS"]
[Date "2008.02.07"]
[Round "6.71"]
[White "Klimov, Anton"]
[Black "Gubajdullin, Alexei"]
[Result "1-0"]
[WhiteElo "2351"]
[BlackElo "2504"]
[PlyCount "23"]
[EventDate "2008.02.02"]
[EventType "swiss"]
[EventRounds "9"]
[EventCountry "RUS"]
[Source "lmi"]
[SourceDate "2008.02.02"]

1. d4 Nf6 2. c4 c5 3. d5 e5 4. Nc3 d6 5. e4 Be7 6. g3 O-O 7. Bg2 Ne8 8. Nge2
Bg5 9. f4 exf4 10. gxf4 Bf6 11. O-O Nd7 12. Be3 1-0

[Event "4. Moscu Open 2008"]
[Site "Moscu RUS"]
[Date "2008.02.07"]
[Round "6.72"]
[White "Egorov, Dmitry"]
[Black "Safin, Shukhrat"]
[Result "0-1"]
[WhiteElo "2590"]
[BlackElo "2493"]
[PlyCount "34"]
[EventDate "2008.02.02"]
[EventType "swiss"]
[EventRounds "9"]
[EventCountry "RUS"]
[Source "lmi"]
[SourceDate "2008.02.02"]

1. e4 e5 2. Nf3 Nc6 3. d4 exd4 4. Nxd4 Nf6 5. Nxc6 bxc6 6. Bd3 d5 7. exd5 cxd5
8. Bb5+ Bd7 9. Bxd7+ Qxd7 10. O-O Be7 11. c4 d4 12. Bg5 O-O 13. Qf3 Rab8 14. b3
Nd5 15. Bxe7 Nxe7 16. Nd2 c5 17. Rae1 Ng6 0-1

[Event "4. Moscu Open 2008"]
[Site "Moscu RUS"]
[Date "2008.02.07"]
[Round "6.74"]
[White "Ponkratov, Pavel"]
[Black "Rjabzev, Konstantin"]
[Result "1-0"]
[WhiteElo "2489"]
[BlackElo "2332"]
[PlyCount "101"]
[EventDate "2008.02.02"]
[EventType "swiss"]
[EventRounds "9"]
[EventCountry "RUS"]
[Source "lmi"]
[SourceDate "2008.02.02"]

1. c4 e6 2. Nf3 Nf6 3. g3 b6 4. Bg2 Bb7 5. O-O g6 6. Nc3 Bg7 7. Qc2 O-O 8. e4
d5 9. cxd5 exd5 10. e5 Ne4 11. d3 Nxc3 12. bxc3 c5 13. d4 cxd4 14. cxd4 Nc6 15.
Be3 Rc8 16. Qd2 Re8 17. h4 f6 18. exf6 Qxf6 19. Rad1 Na5 20. Qd3 Nc4 21. Bg5
Qd6 22. Rde1 Re4 23. Bf4 Qb4 24. h5 Rce8 25. Rc1 Nb2 26. Qb1 Ba6 27. Bd2 Qb5
28. hxg6 Nd3 29. gxh7+ Kh8 30. Rc7 Qxb1 31. Rxb1 R4e7 32. Rxe7 Rxe7 33. Be3
Kxh7 34. Bf1 Bh6 35. Bxh6 Kxh6 36. Rb3 Bc4 37. Rxd3 Bxd3 38. Bxd3 Rc7 39. a4
Rc3 40. Ne5 Ra3 41. Bb5 a6 42. Bc6 Ra1+ 43. Kg2 Rd1 44. Nf3 Rb1 45. Bxd5 Rb4
46. Bc6 b5 47. axb5 a5 48. d5 Kg6 49. d6 Kf6 50. d7 Ke7 51. Ne5 1-0

[Event "4. Moscu Open 2008"]
[Site "Moscu RUS"]
[Date "2008.02.07"]
[Round "6.75"]
[White "Gundavaa, Bayarsaihan"]
[Black "Melkumyan, Hrant"]
[Result "0-1"]
[WhiteElo "2320"]
[BlackElo "2485"]
[PlyCount "78"]
[EventDate "2008.02.02"]
[EventType "swiss"]
[EventRounds "9"]
[EventCountry "RUS"]
[Source "lmi"]
[SourceDate "2008.02.02"]

1. d4 Nf6 2. c4 e6 3. g3 d5 4. Nf3 dxc4 5. Bg2 Nc6 6. O-O Rb8 7. Nc3 Bb4 8. Bg5
O-O 9. e4 h6 10. Be3 Bxc3 11. bxc3 Nxe4 12. Qc2 Nd6 13. Ne5 Ne7 14. a4 b6 15.
Qe2 f6 16. Nf3 Bb7 17. Bf4 Bd5 18. Nd2 Qd7 19. Bxd6 cxd6 20. Rfe1 Rfe8 21. Bh3
Nf5 22. Nxc4 Qc6 23. Bxf5 Qxc4 24. Qh5 Qxc3 25. Rac1 Qd2 26. Qg6 Rbc8 27. Qh7+
Kf8 28. Bg6 Qxc1 29. Qh8+ Ke7 30. Qxe8+ Rxe8 31. Rxc1 Rd8 32. Rc7+ Rd7 33. Rc8
f5 34. f4 Kf6 35. Be8 Re7 36. Bb5 Bb7 37. Rf8+ Rf7 38. Rd8 Rc7 39. Kf2 Bc6 0-1

[Event "4. Moscu Open 2008"]
[Site "Moscu RUS"]
[Date "2008.02.07"]
[Round "6.76"]
[White "Hovhannisyan, Robert"]
[Black "Krapivin, Alexander"]
[Result "1-0"]
[WhiteElo "2319"]
[BlackElo "2483"]
[PlyCount "58"]
[EventDate "2008.02.02"]
[EventType "swiss"]
[EventRounds "9"]
[EventCountry "RUS"]
[Source "lmi"]
[SourceDate "2008.02.02"]

1. e4 c5 2. Nc3 e6 3. Nf3 Nc6 4. d4 cxd4 5. Nxd4 Nf6 6. Ndb5 d6 7. Bf4 e5 8.
Bg5 a6 9. Na3 b5 10. Nd5 Be7 11. Bxf6 Bxf6 12. c3 O-O 13. Nc2 Bg5 14. a4 bxa4
15. Rxa4 a5 16. Bb5 Bb7 17. O-O g6 18. Nce3 Bxe3 19. fxe3 f6 20. Rc4 Rc8 21.
Bxc6 Bxc6 22. Rxf6 Rxf6 23. Nxf6+ Qxf6 24. Rxc6 Rxc6 25. Qd5+ Kg7 26. Qxc6 Qg5
27. Qd7+ Kh6 28. Qh3+ Kg7 29. Qf3 Qe7 1-0

[Event "4. Moscu Open 2008"]
[Site "Moscu RUS"]
[Date "2008.02.07"]
[Round "6.77"]
[White "Airapetian, Gor"]
[Black "Isajevsky, Anton"]
[Result "1/2-1/2"]
[WhiteElo "2318"]
[BlackElo "2469"]
[PlyCount "45"]
[EventDate "2008.02.02"]
[EventType "swiss"]
[EventRounds "9"]
[EventCountry "RUS"]
[Source "lmi"]
[SourceDate "2008.02.02"]

1. e4 c5 2. Nf3 e6 3. c3 d5 4. exd5 exd5 5. d4 Nc6 6. Bb5 Bd6 7. O-O Nge7 8.
dxc5 Bxc5 9. Nbd2 O-O 10. Nb3 Bd6 11. h3 Bc7 12. Be3 a6 13. Bd3 Nf5 14. Bc5 Re8
15. Re1 Rxe1+ 16. Qxe1 Be6 17. Qd2 h6 18. Re1 b6 19. Ba3 Bd6 20. Nbd4 Bd7 21.
Qe2 b5 22. Bc5 Nfxd4 23. Nxd4 1/2-1/2

[Event "4. Moscu Open 2008"]
[Site "Moscu RUS"]
[Date "2008.02.07"]
[Round "6.78"]
[White "Yatsenko, Alexey"]
[Black "Lyaskovsky, Viktor"]
[Result "1-0"]
[WhiteElo "2442"]
[BlackElo "2326"]
[PlyCount "73"]
[EventDate "2008.02.02"]
[EventType "swiss"]
[EventRounds "9"]
[EventCountry "RUS"]
[Source "lmi"]
[SourceDate "2008.02.02"]

1. Nf3 Nf6 2. c4 g6 3. Nc3 Bg7 4. d4 O-O 5. Bg5 d6 6. e3 Nbd7 7. Be2 e5 8. h3
h6 9. Bh4 Re8 10. Qc2 c6 11. O-O Qe7 12. a3 e4 13. Nd2 g5 14. Bg3 Nf8 15. b4
Bf5 16. c5 d5 17. b5 Bg6 18. Nb3 Qd7 19. bxc6 bxc6 20. Qd1 N6h7 21. Na5 f5 22.
Rb1 f4 23. exf4 e3 24. Rb7 Qe6 25. Rc7 Qf6 26. Nxc6 gxf4 27. Nxd5 Qg5 28. Nce7+
Rxe7 29. Nxe7+ Kh8 30. h4 Qf6 31. Nd5 exf2+ 32. Bxf2 Qd8 33. Bf3 Rb8 34. Rxg7
Kxg7 35. Nxf4 Bf5 36. d5 Nf6 37. Bd4 1-0

[Event "4. Moscu Open 2008"]
[Site "Moscu RUS"]
[Date "2008.02.07"]
[Round "6.80"]
[White "Dudukin, Ilya"]
[Black "Belous, Vladimir"]
[Result "1-0"]
[WhiteElo "2430"]
[BlackElo "2312"]
[PlyCount "80"]
[EventDate "2008.02.02"]
[EventType "swiss"]
[EventRounds "9"]
[EventCountry "RUS"]
[Source "lmi"]
[SourceDate "2008.02.02"]

1. Nf3 Nf6 2. c4 g6 3. Nc3 Bg7 4. e4 d6 5. d4 O-O 6. Be2 Na6 7. O-O e5 8. Re1
c6 9. Bf1 Bg4 10. d5 Nb4 11. Be2 a5 12. Rb1 Na6 13. Bg5 h6 14. Be3 c5 15. a3
Bd7 16. Nd2 Kh7 17. Nb5 Qe7 18. Kh1 h5 19. Bg5 Bh6 20. Nf3 Bxg5 21. Nxg5+ Kg7
22. Qd2 b6 23. Nc3 h4 24. f4 Rh8 25. Rf1 Nh7 26. Nxf7 Qxf7 27. fxe5 Qe7 28. e6
Be8 29. e5 dxe5 30. Ne4 g5 31. Qc3 Bg6 32. Qxe5+ Kh6 33. Nf2 Bxb1 34. Ng4+ Kg6
35. Rxb1 Rad8 36. Bd3+ Kh5 37. Qe2 Qc7 38. Nf6+ Kh6 39. Qh5+ Kg7 40. Nxh7 Kg8
1-0

[Event "4. Moscu Open 2008"]
[Site "Moscu RUS"]
[Date "2008.02.07"]
[Round "6.81"]
[White "Gankin, Stanislav"]
[Black "Vorotnikov, Vladislav V"]
[Result "0-1"]
[WhiteElo "2308"]
[BlackElo "2425"]
[PlyCount "60"]
[EventDate "2008.02.02"]
[EventType "swiss"]
[EventRounds "9"]
[EventCountry "RUS"]
[Source "lmi"]
[SourceDate "2008.02.02"]

1. e4 e5 2. Nf3 d6 3. d4 exd4 4. Nxd4 g6 5. Bc4 Bg7 6. O-O Nc6 7. Nxc6 bxc6 8.
Re1 Ne7 9. c3 O-O 10. Bf4 Be6 11. Bb3 Rb8 12. Nd2 c5 13. Qc1 Nc6 14. Nc4 a5 15.
Qc2 Qc8 16. Bg3 Qb7 17. Nxd6 cxd6 18. Bxd6 c4 19. Ba4 Ne5 20. Bxb8 Rxb8 21. b3
Nd3 22. Re3 Bh6 23. Re2 Nc5 24. Ree1 Nxa4 25. bxa4 Qb2 26. Qxb2 Rxb2 27. Rab1
Rxa2 28. h3 Ra3 29. g4 Rxc3 30. Rb5 Bd7 0-1

[Event "4. Moscu Open 2008"]
[Site "Moscu RUS"]
[Date "2008.02.07"]
[Round "6.82"]
[White "Balashov, Yuri S"]
[Black "Demidov, Mikhail"]
[Result "1/2-1/2"]
[WhiteElo "2421"]
[BlackElo "2289"]
[PlyCount "44"]
[EventDate "2008.02.02"]
[EventType "swiss"]
[EventRounds "9"]
[EventCountry "RUS"]
[Source "lmi"]
[SourceDate "2008.02.02"]

1. e4 e6 2. d4 d5 3. Nc3 Nf6 4. Bg5 Be7 5. e5 Nfd7 6. h4 Bxg5 7. hxg5 Qxg5 8.
Nh3 Qe7 9. Nf4 g6 10. Qd3 Nb6 11. O-O-O Nc6 12. g3 Bd7 13. Bg2 h5 14. g4 h4 15.
Nh3 O-O-O 16. f4 Nc4 17. a3 N6a5 18. Nb1 Kb8 19. Qe3 Nc6 20. Bf1 Nb6 21. b3
Rde8 22. a4 Nb4 1/2-1/2

[Event "4. Moscu Open 2008"]
[Site "Moscu RUS"]
[Date "2008.02.07"]
[Round "6.83"]
[White "Borisenko, Andrei"]
[Black "Bukavshin, Ivan"]
[Result "1-0"]
[WhiteElo "2420"]
[BlackElo "2255"]
[PlyCount "61"]
[EventDate "2008.02.02"]
[EventType "swiss"]
[EventRounds "9"]
[EventCountry "RUS"]
[Source "lmi"]
[SourceDate "2008.02.02"]

1. c4 Nf6 2. Nc3 g6 3. d4 Bg7 4. e4 d6 5. Nf3 O-O 6. h3 c5 7. d5 e6 8. Bd3 exd5
9. exd5 Re8+ 10. Kf1 Na6 11. Bg5 h6 12. Bf4 Nc7 13. a4 Nh5 14. Bh2 f5 15. Rg1
Qf6 16. Nd2 Bf8 17. g4 Ng7 18. Qf3 Qf7 19. Kg2 Bd7 20. Kh1 Be7 21. gxf5 gxf5
22. Rg2 Rf8 23. Bf4 Kh7 24. Re1 Nce8 25. Qe3 Bf6 26. Nf3 Qh5 27. Be2 Qf7 28.
Bxh6 Rh8 29. Ng5+ Bxg5 30. Qxg5 Kg8 31. Bh5 1-0

[Event "4. Moscu Open 2008"]
[Site "Moscu RUS"]
[Date "2008.02.07"]
[Round "6.84"]
[White "Ivanov, Alexey"]
[Black "Rettore, Ludwig"]
[Result "1-0"]
[WhiteElo "2314"]
[BlackElo "2210"]
[PlyCount "85"]
[EventDate "2008.02.02"]
[EventType "swiss"]
[EventRounds "9"]
[EventCountry "RUS"]
[Source "lmi"]
[SourceDate "2008.02.02"]

1. e4 e5 2. Nf3 Nf6 3. Nxe5 d6 4. Nf3 Nxe4 5. d4 d5 6. Bd3 Bd6 7. O-O O-O 8. c4
c6 9. Nc3 Nxc3 10. bxc3 Bg4 11. cxd5 cxd5 12. Rb1 Nd7 13. h3 Bh5 14. Rb5 Nb6
15. c4 Nxc4 16. Rxd5 Bh2+ 17. Nxh2 Qxd5 18. Bxc4 Qxc4 19. Qxh5 Qxd4 20. Ng4
Rfe8 21. Be3 Qe4 22. Qg5 Qg6 23. Qd5 Qe4 24. Qg5 Qg6 25. Qb5 Qe4 26. Rb1 h5 27.
Nh2 Rad8 28. Nf3 a6 29. Qb2 b5 30. Bd4 f6 31. Re1 Qd5 32. Rc1 Rc8 33. Rd1 Qc4
34. Be3 Qc2 35. Qb3+ Qxb3 36. axb3 Red8 37. Ra1 b4 38. Rxa6 Rd3 39. Nd4 Rd8 40.
Ne6 Rc8 41. Ra7 Rc6 42. Nxg7 Rxb3 43. Nf5 1-0

[Event "4. Moscu Open 2008"]
[Site "Moscu RUS"]
[Date "2008.02.07"]
[Round "6.85"]
[White "Pichugin, Andrei"]
[Black "Gorovykh, Eduard"]
[Result "1/2-1/2"]
[WhiteElo "2176"]
[BlackElo "2402"]
[PlyCount "63"]
[EventDate "2008.02.02"]
[EventType "swiss"]
[EventRounds "9"]
[EventCountry "RUS"]
[Source "lmi"]
[SourceDate "2008.02.02"]

1. e4 c5 2. Ne2 Nc6 3. d4 cxd4 4. Nxd4 e5 5. Nb5 d6 6. N1c3 a6 7. Na3 Be7 8.
Nd5 Nf6 9. Nxf6+ Bxf6 10. Nc4 Be7 11. Be3 b5 12. Nb6 Rb8 13. Nd5 O-O 14. Bd3
Bg5 15. O-O Be6 16. Qd2 h6 17. a4 Bxd5 18. exd5 Bxe3 19. fxe3 Ne7 20. axb5 axb5
21. e4 Ng6 22. g3 Qb6+ 23. Kg2 Ra8 24. Qb4 Rxa1 25. Rxa1 h5 26. Qxb5 Qe3 27.
Qd7 h4 28. Rf1 hxg3 29. hxg3 Qg5 30. Kh2 Qd2+ 31. Kh1 Qh6+ 32. Kg2 1/2-1/2

[Event "4. Moscu Open 2008"]
[Site "Moscu RUS"]
[Date "2008.02.07"]
[Round "6.86"]
[White "Schetinin, Aleksander V"]
[Black "Okara, Andrey"]
[Result "0-1"]
[WhiteElo "2195"]
[BlackElo "2402"]
[PlyCount "88"]
[EventDate "2008.02.02"]
[EventType "swiss"]
[EventRounds "9"]
[EventCountry "RUS"]
[Source "lmi"]
[SourceDate "2008.02.02"]

1. e4 e5 2. d4 exd4 3. Nf3 Nc6 4. Bc4 Nf6 5. e5 d5 6. Bb5 Ne4 7. Nxd4 Bd7 8.
Bxc6 bxc6 9. O-O Bc5 10. f3 Ng5 11. f4 Ne4 12. Be3 O-O 13. Nd2 f5 14. c3 Bb6
15. Nxe4 dxe4 16. b4 Qe7 17. Qb3+ Kh8 18. Qc4 g5 19. e6 gxf4 20. Rxf4 Bxe6 21.
Qxc6 Qd6 22. Qxd6 cxd6 23. Kf2 Bd7 24. Ke2 d5 25. g3 Kg8 26. a4 Rac8 27. Kd2
Rc4 28. Nc2 Bc7 29. Rh4 a6 30. Rh6 Rc8 31. Ra3 Ra8 32. Bf4 Kg7 33. Rh4 Bd8 34.
Rh5 Bf6 35. Ne3 Be6 36. Nxc4 dxc4 37. Rh3 Rd8+ 38. Kc2 Rd3 39. b5 e3 40. bxa6
e2 41. Bd2 Bd5 42. Ra1 Be4 43. Bh6+ Kg6 44. Re1 Rd1+ 0-1